banner-ar

THE ASSESSMENT OF SPECIAL EDUCATIONAL NEEDS: WHOSE PROBLEM? / (Record no. 11137)

MARC details
000 -الفاتح
حقل البيانات ثابتة الطول 00604nam a2200217Ia 4500
008 - عناصر البيانات ثابتة الطول - معلومات عامة
حقل البيانات ثابتة الطول 140319s9999 xx 000 0 eng d
040 ## - مصدر الفهرسة
وكالة الفهرسة الأصلية GCL /
وكالة النسخ GCL
082 04 - رقم تصنيف ديوى العشرى
رقم التصنيف 371.9
رقم المادة G A
100 1# - المدخل الرئيسى - إسم شخصى
الإسم الشخصى GALLOWAY, DAVID
245 10 - بيان العنوان
العنوان THE ASSESSMENT OF SPECIAL EDUCATIONAL NEEDS: WHOSE PROBLEM? /
بيان المسئوليه,etc GALLOWAY, DAVID
700 1# - المدخل الاضافى - اسم شخصى
الإسم الشخصى TOMLINSON, SALLY
700 1# - المدخل الاضافى - اسم شخصى
الإسم الشخصى ARMSTRONG, DERRICK
260 ## - PUBLICATION, DISTRIBUTION, ETC. (IMPRINT)
تاريخ النشر أو التوزيع 1994
300 ## - الوصف المادى
التعداد 176 P
650 04 - المدخل الاضافى بالموضوع-مصطلح موضوعى
مصطلح موضوعي EDUCATION
650 04 - المدخل الاضافى بالموضوع-مصطلح موضوعى
مصطلح موضوعي PROBLIM CHILDREN
650 04 - المدخل الاضافى بالموضوع-مصطلح موضوعى
مصطلح موضوعي HANDICAPPED CHILDREN
650 04 - المدخل الاضافى بالموضوع-مصطلح موضوعى
مصطلح موضوعي SPECIAL EDUCATION
942 ## - عناصر المدخل الإضافي( كوها)
مصدر التصنيف او مخطط الترفيف Dewey Decimal Classification
Koha [default] item type كتاب
260 ## - PUBLICATION, DISTRIBUTION, ETC. (IMPRINT)
-- انجلترا :
-- LONGMAN ،
Holdings
حالة التراجع حالة الفقد حالة تلف ليس للاعارة المكان المؤقت الموقع الحالى تاريخ الاكتساب اجمالي اﻻعارات رقم الطلب الباركود تاريخ اخر مشاهدة تاريخ تفعيل السعر نوع وعاء كوها
        مكتبة القاهرة الكبرى مكتبة القاهرة الكبرى 03/26/2014   371.9\G A 22171 03/26/2014 03/26/2014 كتاب
        مكتبة القاهرة الكبرى مكتبة القاهرة الكبرى 03/26/2014   371.9\G A 22172 03/26/2014 03/26/2014 كتاب
        مكتبة القاهرة الكبرى مكتبة القاهرة الكبرى 03/26/2014   371.9\G A 22173 03/26/2014 03/26/2014 كتاب

Powered By

EGPV